LIBRARY ONLINE CATALOGUE

Adventures of Pongo and uncle Talema / (Record no. 14268)

MARC details
000 -LEADER
fixed length control field 00522nam a22001812 4500
001 - CONTROL NUMBER
control field 0000007324
005 - DATE AND TIME OF LATEST TRANSACTION
control field 20151217160112.0
008 - FIXED-LENGTH DATA ELEMENTS--GENERAL INFORMATION
fixed length control field 080109s xx 000 0 eng d
020 ## - INTERNATIONAL STANDARD BOOK NUMBER
International Standard Book Number 9966469540 :
Terms of availability KES 165
040 ## - CATALOGING SOURCE
Original cataloging agency KABU
Transcribing agency KABU
100 1# - MAIN ENTRY--PERSONAL NAME
Personal name Kamau, George G. N.
-- 0000158551
245 10 - TITLE STATEMENT
Title Adventures of Pongo and uncle Talema /
Statement of responsibility, etc. George G. N. Kamau.
260 ## - PUBLICATION, DISTRIBUTION, ETC. (IMPRINT)
Place of publication, distribution, etc. Nairobi :
Name of publisher, distributor, etc. E. A. E. P.,
Date of publication, distribution, etc. 1994.
300 ## - PHYSICAL DESCRIPTION
Extent 61 p.
908 ## - PUT COMMAND PARAMETER (RLIN)
Put command parameter 080109
950 ## - LOCAL HOLDINGS (RLIN)
-- 1
Holdings
Withdrawn status Lost status Source of classification or shelving scheme Not for loan Home library Current library Date acquired Total Checkouts Full call number Barcode Date last seen Date last checked out Price effective from Koha item type
    Library of Congress Classification   Kabarak, Main Campus Kabarak, Main Campus 17/12/2015 1 PZ7 .K36A38 011531 26/04/2016 22/03/2016 17/12/2015 Children Collection